|
|
|
|
| LEADER |
00000nab a2200000uu 4500 |
| 001 |
vtls011442224 |
| 003 |
SK-MaSNL |
| 005 |
20260303123318.0 |
| 008 |
230213|1996 xo |||||||||||||||||eng| |
| 015 |
|
|
|a SNBRB
|
| 035 |
|
|
|a (urnnbn)urn:nbn:sk:snk:ar-0031xl
|
| 035 |
|
|
|a (uuid)0a66b498-f5b9-42ec-a57b-0ee30b1ca348
|
| 035 |
|
|
|a urn:nbn:sk:snk-abcgaf
|
| 040 |
|
|
|a SNKBUCL
|b slo
|c SNKBUCL
|e AACR2
|
| 041 |
0 |
|
|a eng
|
| 044 |
|
|
|a xo
|c SK
|
| 100 |
1 |
|
|a Malatová, Želmíra
|4 aut
|9 941043
|
| 245 |
1 |
0 |
|a Long-lasting increase of cholinergic enzyme activities in diagonal band and olfactory bulb after postnatal intrabulbar injection of NGF in rat
|c Želmíra Malatová, Gabriela Sekerková, Dáša Čížková, Enikö Račeková, Tatiana Žigová
|
| 700 |
1 |
|
|a Čížková, Daša,
|d 1964-
|4 aut
|9 157026
|
| 700 |
1 |
|
|a Račeková, Enikö
|4 aut
|9 25761
|
| 700 |
1 |
|
|a Sekerková, Gabriela
|4 aut
|9 1137882
|
| 700 |
1 |
|
|a Žigová, Tatiana
|4 aut
|9 978944
|
| 773 |
0 |
|
|t Biologia : journal of the Slovak Academy of Sciences
|g Roč. 51, č. 6 (1996), s. 735-739
|
| 954 |
|
|
|a odborná, vedecká literatúra pôvodná (slovenská)
|2 lita
|
| 958 |
|
|
|a OND
|
| 958 |
|
|
|a EUIPO
|
| 958 |
|
|
|a article16
|
| 999 |
|
|
|c 1925106
|d 1927036
|